00533nam a2200157Ia 4500008004100000100001900041245007700060245001900137260005900156260000900215650001800224650001500242856002600257999001900283952007300302170221s9999 xx 000 0 und d aSusan D. Myers aFacebook and Pharmaceutical Companies: An Industry in Need of Guidance  cSusan D. Myers bOnline Journal of Communication and Media Technologies c2015 xCommunication xMedia Arts uhttp://www.ojcmt.net/ c309210d309210 001040aCLbCLd2017-02-21l0r2017-02-21 00:00:00w2017-02-21yFOJ